000 02416nam0a2200373 4500
001 RU\NLR\bibl\464206
005 20260409071349.0
010 _a5-85219-087-Х
_91000
021 _aRU
_b2003-57082
_92791
035 _a(NLR Aleph) 000457587
090 _a913335
_c913335
100 _a20031124d2003 |||y0rusy50 ca
101 0 _arus
102 _aRU
105 _aa |||||||||
200 1 _aТеоретические основы обучения математике в средней школе
_eУчеб. пособие
_eДля студентов вузов, обучающихся по спец. 032100 - математика
_f[Т.А. Иванова, Е.Н. Перевощикова, Т.П. Григорьева, Л.И. Кузнецова]
_gПод ред. Т.А. Ивановой
_gМ-во образования Рос. Федерации, Нижегор. гос. пед. ун-т
210 _aН.Новгород
_cНГПУ
_d2003
215 _a318 с.
_cил.
_d20
300 _aАвт. указаны на обороте тит. л.
320 _aБиблиогр.: с. 312-316 (108 назв.)
606 0 _aМатематика
_jРуководства, пособия и т.п. для высшей школы
_xМетодика преподавания
_xСредняя школа
_9933104
_3RU\NLR\auth\6625384
606 _aМатематика
_xПреподавание
_xСредняя школа
_jУчебные издания для высших учебных заведений
_3RU\NLR\auth\66662481
_91523244
686 _aЧ426.24-2
701 1 _4340
_8rus
_7ca
_aИванова
_bТ. А.
_cд-р пед. наук, математика
_f1941-
_gТамара Алексеевна
_3RU\NLR\AUTH\7735832
_918827
701 1 _aПеревощикова
_bЕ. Н.
_gЕлена Николаевна
_4070
701 1 _4070
_8rus
_7ca
_aГригорьева
_bТ. П.
_cканд. пед. наук
_gТатьяна Петровна
_3RU\NLR\auth\7786325
_969253
701 1 _4070
_8rus
_7ca
_aКузнецова
_bЛ. И.
_cканд. пед. наук
_gЛидия Ивановна
_3RU\NLR\auth\7786323
_969251
712 0 2 _4475
_aНижегородский государственный педагогический университет
_3RU\NLR\AUTH\880618304
_92653689
801 0 _aRU
_bNLR
_c20031124
_gPSBO
801 1 _aRU
_bNLR
_c20031124
942 _cBOOK
980 _aNB